Datum a čas kvízu
35.5
Celkem bodů
Celkový počet nahraných bodů na tomto kvízu bez doplňovacích otázek.
4.
Pořadí na kvízu
Konečné umístění týmu na tomto kvízu.
Zaznamenané odpovědi
| # | Otázka | Odpověď | Body | Výsledky |
|---|---|---|---|---|
| 1. | Který obchodní řetězec minulý... | Billa | 1 | |
| 2. | Na obrázku můžete vidět Leonor... | za lososa | 0 | |
| 3. | Která česká kapela odehrála v... | J.A.R. | 1 | |
| 4. | Minulý týden došlo ke změně ma... | nákupní centrum Palladium | 0 | |
| 5. | Na fotbalové mistrovství světa... | Curaçao | 1 | |
| 6. | Za půl bodu uveďte název ameri... | Bratrstvo neohrožených/Band of Brothers; rota E/Easy Company | 0.5 | |
| 7. | Seřaďte následující vojenské h... | 1C 2A 3B 4D | 1 | |
| 8. | Po půl bodu můžete dostat za u... | Karel Kryl; Bratříčku, zavírej vrátka | 1 | |
| 9. | Jednotka českých a slovenských... | o Francii | 1 | |
| 10. | Ve kterém satirickém románu vy... | Hlava XXII (Catch-22) | 1 |